Ako napísať životopis a motivačný list

Odporúčania, ako by mal vyzerať správne napísaný životopis a motivačný list. Tipy pre napísanie životopisu. Obsah motivačného listu. Vzory.

Salvato in:
Dettagli Bibliografici
Autore principale: Olexová, Cecília, 1976-
Natura: Capitolo di libro
Lingua:slovacco
Soggetti:
Tags: Aggiungi Tag
Nessun Tag, puoi essere il primo ad aggiungerne!!

MARC

LEADER 00000naa$a2200000$$$4500
001 0068584
005 20240502071830.3
041 0 |a slo 
044 |a SK 
245 1 0 |a Ako napísať životopis a motivačný list  |c Cecília Olexová 
520 |a Odporúčania, ako by mal vyzerať správne napísaný životopis a motivačný list. Tipy pre napísanie životopisu. Obsah motivačného listu. Vzory. 
610 2 0 |a zamestnanie 
610 2 0 |a práca 
610 2 0 |a vzdelanie 
610 2 0 |a schopnosti pracovné 
610 2 0 |a kvalifikácia 
610 2 0 |a životopisy 
100 1 |a Olexová, Cecília, 1976-